[Event "DVM U16 2021"]
[Site "Kiel GER"]
[Date "2022.07.25"]
[Round "6"]
[White "Lutz, Ruben"]
[Black "Schreidl, Michael"]
[Result "1-0"]
[Termination "normal"]
[Board "10.1"]
[WhiteElo "2109"]
[BlackElo "1616"]
[WhiteClock "00:18:28"]
[BlackClock "00:09:54"]
[WhiteTeam "USV TU Dresden"]
[BlackTeam "SK Frankenthal"]
[PlyCount "93"]
[WhiteFideId "12975974"]
[BlackFideId "16265750"]
[EventCountry "GER"]
[EventRounds "7"]
[EventType "team-swiss"]
[EventDate "2022.07.22"]

1. d4 {[%clk 01:30:58]} {[%emt 00:00:02]} d5 {[%clk 01:30:57]} {[%emt
00:00:04]} 2. c4 {[%clk 01:31:19]} {[%emt 00:00:08]} e6 {[%clk 01:31:15]}
{[%emt 00:00:12]} 3. Nf3 {[%clk 01:31:41]} {[%emt 00:00:09]} Nf6 {[%clk
01:31:39]} {[%emt 00:00:07]} 4. g3 {[%clk 01:32:01]} {[%emt 00:00:09]} Be7
{[%clk 01:31:38]} {[%emt 00:00:31]} 5. Bg2 {[%clk 01:32:24]} {[%emt 00:00:07]}
dxc4 {[%clk 01:31:58]} {[%emt 00:00:10]} 6. Qa4+ {[%clk 01:30:50]} {[%emt
00:02:03]} Bd7 {[%clk 01:30:04]} {[%emt 00:02:24]} 7. Qxc4 {[%clk 01:31:14]}
{[%emt 00:00:07]} Bc6 {[%clk 01:28:35]} {[%emt 00:01:59]} 8. O-O {[%clk
01:30:59]} {[%emt 00:00:45]} O-O {[%clk 01:26:38]} {[%emt 00:02:27]} 9. Nc3
{[%clk 01:27:42]} {[%emt 00:03:47]} Nbd7 {[%clk 01:26:13]} {[%emt 00:00:55]}
10. Qd3 {[%clk 01:24:34]} {[%emt 00:03:38]} Nd5 {[%clk 01:16:08]} {[%emt
00:10:34]} 11. Rd1 {[%clk 01:08:46]} {[%emt 00:16:19]} Nxc3 {[%clk 01:12:52]}
{[%emt 00:03:45]} 12. Qxc3 {[%clk 01:01:21]} {[%emt 00:07:55]} Nf6 {[%clk
01:07:43]} {[%emt 00:05:39]} 13. b3 {[%clk 00:48:01]} {[%emt 00:13:50]} Be4
{[%clk 01:02:12]} {[%emt 00:06:00]} 14. Bb2 {[%clk 00:44:53]} {[%emt 00:03:39]}
Nd5 {[%clk 01:00:49]} {[%emt 00:01:53]} 15. Qc4 {[%clk 00:44:00]} {[%emt
00:01:23]} c6 {[%clk 00:56:23]} {[%emt 00:04:57]} 16. Ne5 {[%clk 00:41:00]}
{[%emt 00:03:30]} Bxg2 {[%clk 00:52:27]} {[%emt 00:04:26]} 17. Kxg2 {[%clk
00:41:24]} {[%emt 00:00:05]} Nf6 {[%clk 00:45:12]} {[%emt 00:07:44]} 18. Qc2
{[%clk 00:23:24]} {[%emt 00:18:31]} Rc8 {[%clk 00:39:51]} {[%emt 00:05:50]} 19.
Rac1 {[%clk 00:22:17]} {[%emt 00:01:38]} Nd5 {[%clk 00:35:02]} {[%emt
00:05:19]} 20. e4 {[%clk 00:20:56]} {[%emt 00:01:51]} Nb4 {[%clk 00:33:12]}
{[%emt 00:02:20]} 21. Qb1 {[%clk 00:20:49]} {[%emt 00:00:36]} f6 {[%clk
00:29:37]} {[%emt 00:04:05]} 22. Nc4 {[%clk 00:19:46]} {[%emt 00:01:33]} f5
{[%clk 00:25:29]} {[%emt 00:04:39]} 23. a3 {[%clk 00:19:47]} {[%emt 00:00:30]}
Na6 {[%clk 00:23:59]} {[%emt 00:01:59]} 24. f3 {[%clk 00:15:44]} {[%emt
00:04:33]} f4 {[%clk 00:15:09]} {[%emt 00:09:20]} 25. b4 {[%clk 00:14:36]}
{[%emt 00:01:38]} Nc7 {[%clk 00:12:24]} {[%emt 00:03:15]} 26. Na5 {[%clk
00:12:01]} {[%emt 00:03:06]} fxg3 {[%clk 00:06:48]} {[%emt 00:06:06]} 27. hxg3
{[%clk 00:12:14]} {[%emt 00:00:16]} Bg5 {[%emt 00:03:32]} 28. Rc2 {[%emt
00:02:23]} Qf6 {[%emt 00:01:38]} 29. Rf2 {[%emt 00:05:08]} Be3 {[%emt
00:00:29]} 30. Rff1 {[%emt 00:00:22]} Qg5 {[%emt 00:00:20]} 31. Bc1 {[%emt
00:00:56]} Bxc1 {[%emt 00:02:12]} 32. Qxc1 {[%emt 00:00:02]} Qxc1 {[%emt
00:00:45]} 33. Rxc1 {[%emt 00:00:02]} Nb5 {[%emt 00:00:22]} 34. Nxb7 {[%emt
00:00:56]} Rc7 {[%emt 00:00:47]} 35. Nc5 {[%emt 00:02:09]} Re8 {[%emt
00:00:10]} 36. a4 {[%emt 00:03:18]} Nxd4 {[%emt 00:00:51]} 37. e5 {[%emt
00:00:46]} Nf5 {[%emt 00:00:16]} 38. Kf2 {[%emt 00:00:30]} Kf7 {[%emt
00:00:11]} 39. Rfd1 {[%emt 00:00:56]} Ne7 {[%emt 00:00:23]} 40. Ne4 {[%emt
00:00:27]} Kg8 {[%emt 00:00:45]} 41. b5 {[%emt 00:03:23]} Rec8 {[%emt
00:12:42]} 42. Nd6 {[%emt 00:03:51]} Rd8 {[%clk 00:18:30]} {[%emt 00:00:52]}
43. Rc5 {[%clk 00:22:19]} {[%emt 00:02:49]} Ng6 {[%clk 00:11:44]} {[%emt
00:07:15]} 44. Rxc6 {[%clk 00:19:31]} {[%emt 00:03:19]} Rxc6 {[%clk 00:09:53]}
{[%emt 00:02:21]} 45. bxc6 {[%clk 00:19:58]} {[%emt 00:00:03]} Ne7 {[%clk
00:09:58]} {[%emt 00:00:25]} 46. c7 {[%clk 00:19:03]} {[%emt 00:01:25]} Rf8
{[%clk 00:09:54]} {[%emt 00:00:33]} 47. Rb1 {[%clk 00:18:28]} {[%emt 00:01:06]}
1-0

[Event "DVM U16 2021"]
[Site "Kiel GER"]
[Date "2022.07.25"]
[Round "6"]
[White "Morgenthaler, Nick"]
[Black "Kovalchuk, Alexander"]
[Result "1-0"]
[Termination "normal"]
[Board "10.2"]
[WhiteElo "1149"]
[BlackElo "1411"]
[WhiteClock "00:50:35"]
[BlackClock "00:30:26"]
[WhiteTeam "SK Frankenthal"]
[BlackTeam "USV TU Dresden"]
[PlyCount "67"]
[WhiteFideId "16286138"]
[BlackFideId "16247809"]
[EventCountry "GER"]
[EventRounds "7"]
[EventType "team-swiss"]
[EventDate "2022.07.22"]

1. d4 {[%clk 01:30:49]} {[%emt 00:00:10]} Nf6 {[%clk 01:30:44]} {[%emt
00:00:17]} 2. c4 {[%clk 01:30:34]} {[%emt 00:00:45]} e6 {[%clk 01:30:47]}
{[%emt 00:00:28]} 3. g3 {[%clk 01:30:38]} {[%emt 00:00:25]} d5 {[%clk
01:30:31]} {[%emt 00:00:46]} 4. Bg2 {[%clk 01:30:35]} {[%emt 00:00:32]} Be7
{[%clk 01:30:30]} {[%emt 00:00:32]} 5. Nf3 {[%clk 01:30:05]} {[%emt 00:00:59]}
O-O {[%clk 01:29:49]} {[%emt 00:01:11]} 6. O-O {[%clk 01:29:59]} {[%emt
00:00:37]} c5 {[%clk 01:29:00]} {[%emt 00:01:20]} 7. cxd5 {[%clk 01:25:53]}
{[%emt 00:04:35]} Nxd5 {[%clk 01:28:46]} {[%emt 00:00:44]} 8. dxc5 {[%clk
01:25:22]} {[%emt 00:01:01]} Bxc5 {[%clk 01:28:55]} {[%emt 00:00:21]} 9. Qc2
{[%clk 01:25:17]} {[%emt 00:00:34]} Qe7 {[%clk 01:21:43]} {[%emt 00:07:43]} 10.
Ng5 {[%clk 01:23:00]} {[%emt 00:02:47]} Nf6 {[%clk 01:15:12]} {[%emt 00:07:01]}
11. Nc3 {[%clk 01:19:59]} {[%emt 00:03:31]} Nbd7 {[%clk 01:10:27]} {[%emt
00:05:15]} 12. b3 {[%clk 01:15:09]} {[%emt 00:05:21]} h6 {[%clk 01:01:17]}
{[%emt 00:09:40]} 13. Nge4 {[%clk 01:14:53]} {[%emt 00:00:45]} Rb8 {[%clk
00:59:10]} {[%emt 00:02:36]} 14. Nxc5 {[%clk 01:14:54]} {[%emt 00:00:30]} Qxc5
{[%clk 00:58:10]} {[%emt 00:01:30]} 15. a4 {[%clk 01:11:32]} {[%emt 00:03:52]}
Qc7 {[%clk 00:55:08]} {[%emt 00:03:32]} 16. Ba3 {[%clk 01:11:06]} {[%emt
00:00:56]} Rd8 {[%clk 00:51:13]} {[%emt 00:04:25]} 17. Rfd1 {[%clk 01:10:53]}
{[%emt 00:00:43]} Nf8 {[%clk 00:48:07]} {[%emt 00:03:37]} 18. Rxd8 {[%clk
01:10:46]} {[%emt 00:00:37]} Qxd8 {[%clk 00:48:33]} {[%emt 00:00:03]} 19. Nb5
{[%clk 01:10:58]} {[%emt 00:00:18]} a6 {[%clk 00:44:49]} {[%emt 00:04:15]} 20.
Rd1 {[%clk 01:10:55]} {[%emt 00:00:32]} Bd7 {[%clk 00:44:15]} {[%emt 00:01:04]}
21. Nd6 {[%clk 01:01:55]} {[%emt 00:09:30]} b5 {[%clk 00:42:48]} {[%emt
00:01:57]} 22. axb5 {[%clk 01:01:22]} {[%emt 00:01:03]} axb5 {[%clk 00:43:07]}
{[%emt 00:00:11]} 23. Bc5 {[%clk 00:59:40]} {[%emt 00:02:11]} Ne8 {[%clk
00:32:22]} {[%emt 00:11:15]} 24. Nxe8 {[%clk 00:52:26]} {[%emt 00:07:45]} Qxe8
{[%clk 00:32:39]} {[%emt 00:00:13]} 25. Bxf8 {[%clk 00:52:26]} {[%emt
00:00:29]} Kxf8 {[%clk 00:32:52]} {[%emt 00:00:17]} 26. Qc5+ {[%clk 00:52:48]}
{[%emt 00:00:09]} Qe7 {[%clk 00:30:57]} {[%emt 00:02:26]} 27. Qc7 {[%clk
00:50:54]} {[%emt 00:02:23]} Rd8 {[%clk 00:31:09]} {[%emt 00:00:17]} 28. Bc6
{[%clk 00:50:38]} {[%emt 00:00:46]} Ke8 {[%clk 00:31:20]} {[%emt 00:00:20]} 29.
Bxd7+ {[%clk 00:50:33]} {[%emt 00:00:35]} Rxd7 {[%emt 00:00:18]} 30. Qc6 {[%emt
00:00:27]} Qd8 {[%clk 00:29:52]} {[%emt 00:01:12]} 31. Qxb5 {[%clk 00:50:27]}
{[%emt 00:00:37]} Ke7 {[%clk 00:29:44]} {[%emt 00:00:36]} 32. Rxd7+ {[%clk
00:50:16]} {[%emt 00:00:42]} Qxd7 {[%clk 00:30:05]} {[%emt 00:00:10]} 33. Qxd7+
{[%clk 00:50:35]} {[%emt 00:00:11]} Kxd7 {[%clk 00:30:26]} {[%emt 00:00:09]}
34. Kf1 {[%clk 00:50:35]} {[%emt 00:00:29]} 1-0

[Event "DVM U16 2021"]
[Site "Kiel GER"]
[Date "2022.07.25"]
[Round "6"]
[White "Günther, Fabian"]
[Black "Huang, Luca Hanson"]
[Result "1-0"]
[Termination "normal"]
[Board "10.3"]
[WhiteElo "1485"]
[BlackElo "1488"]
[WhiteClock "00:20:40"]
[BlackClock "00:04:42"]
[WhiteTeam "USV TU Dresden"]
[BlackTeam "SK Frankenthal"]
[PlyCount "93"]
[WhiteFideId "16240294"]
[BlackFideId "16279182"]
[EventCountry "GER"]
[EventRounds "7"]
[EventType "team-swiss"]
[EventDate "2022.07.22"]

1. Nf3 {[%clk 01:30:57]} {[%emt 00:00:03]} Nf6 {[%clk 01:30:53]} {[%emt
00:00:07]} 2. c4 {[%clk 01:31:15]} {[%emt 00:00:12]} e6 {[%clk 01:31:08]}
{[%emt 00:00:15]} 3. g3 {[%clk 01:31:28]} {[%emt 00:00:17]} d5 {[%clk
01:30:26]} {[%emt 00:01:12]} 4. cxd5 {[%clk 01:31:18]} {[%emt 00:00:40]} exd5
{[%clk 01:30:26]} {[%emt 00:00:30]} 5. Bg2 {[%clk 01:30:47]} {[%emt 00:01:02]}
c5 {[%clk 01:29:36]} {[%emt 00:01:20]} 6. e3 {[%clk 01:30:52]} {[%emt
00:00:25]} Nc6 {[%clk 01:29:02]} {[%emt 00:01:04]} 7. O-O {[%clk 01:29:10]}
{[%emt 00:02:11]} Be7 {[%clk 01:27:46]} {[%emt 00:01:46]} 8. d4 {[%clk
01:29:25]} {[%emt 00:00:15]} b6 {[%clk 01:27:40]} {[%emt 00:00:36]} 9. Re1
{[%clk 01:29:03]} {[%emt 00:00:52]} O-O {[%clk 01:27:02]} {[%emt 00:01:08]} 10.
Nc3 {[%clk 01:29:11]} {[%emt 00:00:23]} Bb7 {[%clk 01:24:38]} {[%emt 00:02:53]}
11. b3 {[%clk 01:27:17]} {[%emt 00:02:24]} Re8 {[%clk 01:20:34]} {[%emt
00:04:34]} 12. Bb2 {[%clk 01:26:49]} {[%emt 00:00:58]} Rc8 {[%clk 01:19:04]}
{[%emt 00:01:59]} 13. Rc1 {[%clk 01:25:06]} {[%emt 00:02:13]} Ne4 {[%clk
01:13:43]} {[%emt 00:05:51]} 14. Ne2 {[%clk 01:18:43]} {[%emt 00:06:53]} Ba6
{[%clk 01:12:53]} {[%emt 00:01:20]} 15. a3 {[%clk 01:14:16]} {[%emt 00:04:57]}
Na5 {[%clk 01:08:17]} {[%emt 00:05:07]} 16. dxc5 {[%clk 01:12:20]} {[%emt
00:02:26]} bxc5 {[%clk 01:07:55]} {[%emt 00:00:51]} 17. Nf4 {[%clk 01:12:00]}
{[%emt 00:00:51]} Bb7 {[%clk 01:06:33]} {[%emt 00:01:52]} 18. h4 {[%clk
00:59:01]} {[%emt 00:13:29]} Bf6 {[%clk 01:05:45]} {[%emt 00:01:18]} 19. Bxf6
{[%clk 00:57:09]} {[%emt 00:02:21]} Nxf6 {[%clk 01:05:38]} {[%emt 00:00:38]}
20. b4 {[%clk 00:56:11]} {[%emt 00:01:29]} Nc4 {[%clk 01:04:09]} {[%emt
00:01:58]} 21. Qb3 {[%clk 00:55:48]} {[%emt 00:00:53]} Qb6 {[%clk 01:01:38]}
{[%emt 00:03:01]} 22. Red1 {[%clk 00:54:48]} {[%emt 00:01:30]} a5 {[%clk
00:56:16]} {[%emt 00:05:52]} 23. Ng5 {[%clk 00:49:04]} {[%emt 00:06:14]} cxb4
{[%clk 00:51:59]} {[%emt 00:04:47]} 24. Nxd5 {[%clk 00:48:34]} {[%emt
00:01:00]} Nxd5 {[%clk 00:50:56]} {[%emt 00:01:33]} 25. Rxc4 {[%clk 00:48:17]}
{[%emt 00:00:48]} Rcd8 {[%clk 00:48:10]} {[%emt 00:03:15]} 26. Rcd4 {[%clk
00:47:14]} {[%emt 00:01:33]} h6 {[%clk 00:42:14]} {[%emt 00:06:27]} 27. Nh3
{[%clk 00:44:23]} {[%emt 00:03:20]} a4 {[%clk 00:36:56]} {[%emt 00:05:48]} 28.
Qxa4 {[%clk 00:34:15]} {[%emt 00:10:38]} Nc3 {[%clk 00:30:30]} {[%emt
00:06:55]} 29. Rxd8 {[%clk 00:31:30]} {[%emt 00:03:16]} Rxd8 {[%clk 00:28:35]}
{[%emt 00:02:25]} 30. Rxd8+ {[%clk 00:31:39]} {[%emt 00:00:21]} Qxd8 {[%clk
00:28:58]} {[%emt 00:00:07]} 31. Qxb4 {[%clk 00:31:35]} {[%emt 00:00:34]} Qd1+
{[%clk 00:22:56]} {[%emt 00:06:32]} 32. Kh2 {[%clk 00:31:09]} {[%emt 00:00:57]}
Bxg2 {[%clk 00:23:03]} {[%emt 00:00:22]} 33. Kxg2 {[%clk 00:31:26]} {[%emt
00:00:13]} Na4 {[%clk 00:20:20]} {[%emt 00:03:12]} 34. Nf4 {[%clk 00:27:58]}
{[%emt 00:03:59]} g6 {[%clk 00:13:25]} {[%emt 00:07:25]} 35. e4 {[%clk
00:27:00]} {[%emt 00:01:28]} Qc2 {[%clk 00:10:21]} {[%emt 00:03:33]} 36. Qd4
{[%clk 00:19:58]} {[%emt 00:07:32]} Qb3 {[%clk 00:09:19]} {[%emt 00:01:32]} 37.
Qd3 {[%clk 00:19:39]} {[%emt 00:00:49]} Qxd3 {[%clk 00:06:50]} {[%emt
00:03:00]} 38. Nxd3 {[%clk 00:20:04]} {[%emt 00:00:05]} Kg7 {[%clk 00:06:44]}
{[%emt 00:00:36]} 39. Kf3 {[%clk 00:20:26]} {[%emt 00:00:08]} Kf6 {[%clk
00:07:04]} {[%emt 00:00:10]} 40. Ke3 {[%clk 00:19:56]} {[%emt 00:01:00]} Nb6
{[%clk 00:07:12]} {[%emt 00:00:21]} 41. Kd4 {[%clk 00:20:11]} {[%emt 00:00:15]}
Ke6 {[%clk 00:07:29]} {[%emt 00:00:14]} 42. Nc5+ {[%clk 00:20:17]} {[%emt
00:00:24]} Kd6 {[%clk 00:07:13]} {[%emt 00:00:45]} 43. a4 {[%clk 00:20:40]}
{[%emt 00:00:08]} Nc8 {[%clk 00:06:52]} {[%emt 00:00:51]} 44. f4 {[%clk
00:20:23]} {[%emt 00:00:47]} Na7 {[%clk 00:05:47]} {[%emt 00:01:34]} 45. e5+
{[%clk 00:20:35]} {[%emt 00:00:19]} Kc7 {[%clk 00:04:31]} {[%emt 00:01:46]} 46.
Kd5 {[%clk 00:20:40]} {[%emt 00:00:26]} Nc6 {[%clk 00:04:42]} {[%emt 00:00:17]}
47. e6 {[%emt 00:01:04]} 1-0

[Event "DVM U16 2021"]
[Site "Kiel GER"]
[Date "2022.07.25"]
[Round "6"]
[White "Kern, Alexander"]
[Black "Andreas, Bruno"]
[Result "0-1"]
[Termination "normal"]
[Board "10.4"]
[WhiteElo "1418"]
[BlackElo "1490"]
[WhiteClock "00:10:11"]
[BlackClock "00:11:05"]
[WhiteTeam "SK Frankenthal"]
[BlackTeam "USV TU Dresden"]
[PlyCount "82"]
[WhiteFideId "16251334"]
[BlackFideId "16274210"]
[EventCountry "GER"]
[EventRounds "7"]
[EventType "team-swiss"]
[EventDate "2022.07.22"]

1. e4 {[%clk 01:30:53]} {[%emt 00:00:06]} c5 {[%clk 01:30:43]} {[%emt
00:00:18]} 2. Nf3 {[%clk 01:31:08]} {[%emt 00:00:14]} e6 {[%clk 01:31:03]}
{[%emt 00:00:10]} 3. d4 {[%clk 01:30:41]} {[%emt 00:00:57]} cxd4 {[%clk
01:31:28]} {[%emt 00:00:06]} 4. Nxd4 {[%clk 01:31:01]} {[%emt 00:00:09]} a6
{[%clk 01:31:54]} {[%emt 00:00:04]} 5. Nc3 {[%clk 01:30:58]} {[%emt 00:00:33]}
Qc7 {[%clk 01:32:09]} {[%emt 00:00:15]} 6. Be2 {[%clk 01:31:13]} {[%emt
00:00:15]} Nf6 {[%clk 01:32:11]} {[%emt 00:00:30]} 7. O-O {[%clk 01:30:43]}
{[%emt 00:00:58]} Nc6 {[%clk 01:31:50]} {[%emt 00:00:52]} 8. Be3 {[%clk
01:30:10]} {[%emt 00:01:01]} Bb4 {[%clk 01:30:10]} {[%emt 00:02:07]} 9. f3
{[%clk 01:28:40]} {[%emt 00:02:03]} d5 {[%clk 01:24:09]} {[%emt 00:06:32]} 10.
exd5 {[%clk 01:24:46]} {[%emt 00:04:24]} exd5 {[%clk 01:23:58]} {[%emt
00:00:42]} 11. Nxc6 {[%clk 01:17:06]} {[%emt 00:08:09]} bxc6 {[%clk 01:23:56]}
{[%emt 00:00:32]} 12. Na4 {[%clk 01:17:08]} {[%emt 00:00:27]} Bd6 {[%clk
01:23:10]} {[%emt 00:01:18]} 13. g3 {[%clk 01:12:49]} {[%emt 00:04:48]} Bh3
{[%emt 00:00:59]} 14. Bb6 {[%emt 00:00:47]} Qb8 {[%clk 01:20:47]} {[%emt
00:01:08]} 15. Re1 {[%clk 01:09:35]} {[%emt 00:03:42]} Bxg3 {[%clk 01:15:56]}
{[%emt 00:05:22]} 16. Bf1+ {[%clk 01:09:42]} {[%emt 00:00:23]} Bxe1 {[%clk
01:16:11]} {[%emt 00:00:16]} 17. Qxe1+ {[%clk 01:10:02]} {[%emt 00:00:09]} Be6
{[%clk 01:16:35]} {[%emt 00:00:06]} 18. Bc5 {[%clk 01:09:20]} {[%emt 00:01:11]}
Nd7 {[%clk 01:14:24]} {[%emt 00:02:42]} 19. Ba3 {[%clk 01:07:53]} {[%emt
00:01:56]} Qf4 {[%clk 01:13:45]} {[%emt 00:01:07]} 20. Nc3 {[%clk 00:56:17]}
{[%emt 00:12:09]} Ne5 {[%clk 01:04:17]} {[%emt 00:09:58]} 21. Bg2 {[%clk
00:53:35]} {[%emt 00:03:11]} Kd7 {[%clk 00:58:28]} {[%emt 00:06:21]} 22. Qf2
{[%clk 00:51:59]} {[%emt 00:02:04]} Nc4 {[%clk 00:52:19]} {[%emt 00:06:40]} 23.
Na4 {[%clk 00:44:52]} {[%emt 00:07:37]} Rhb8 {[%clk 00:41:57]} {[%emt
00:10:53]} 24. Bc5 {[%clk 00:40:28]} {[%emt 00:04:53]} Nxb2 {[%clk 00:34:24]}
{[%emt 00:08:04]} 25. Nb6+ {[%emt 00:02:48]} Rxb6 {[%clk 00:31:55]} {[%emt
00:00:11]} 26. Bxb6 {[%clk 00:41:06]} {[%emt 00:00:21]} Nc4 {[%clk 00:31:18]}
{[%emt 00:01:07]} 27. Re1 {[%clk 00:30:04]} {[%emt 00:11:28]} Nxb6 {[%clk
00:28:50]} {[%emt 00:03:03]} 28. Qxb6 {[%clk 00:30:11]} {[%emt 00:00:22]} Qb8
{[%clk 00:29:06]} {[%emt 00:00:13]} 29. Qa5 {[%clk 00:26:47]} {[%emt 00:03:54]}
Qb5 {[%clk 00:29:08]} {[%emt 00:00:26]} 30. Qc3 {[%clk 00:25:26]} {[%emt
00:01:52]} Rb8 {[%clk 00:25:09]} {[%emt 00:04:31]} 31. Qxg7 {[%clk 00:22:43]}
{[%emt 00:03:13]} Qc5+ {[%clk 00:25:16]} {[%emt 00:00:22]} 32. Kf1 {[%clk
00:20:12]} {[%emt 00:03:01]} Qxc2 {[%clk 00:25:13]} {[%emt 00:00:34]} 33. Re2
{[%clk 00:19:49]} {[%emt 00:00:52]} Rb1+ {[%clk 00:19:41]} {[%emt 00:06:03]}
34. Kf2 {[%clk 00:18:59]} {[%emt 00:01:20]} Qc5+ {[%clk 00:20:02]} {[%emt
00:00:08]} 35. Re3 {[%clk 00:16:23]} {[%emt 00:03:06]} Re1 {[%clk 00:10:13]}
{[%emt 00:10:21]} 36. Kxe1 {[%clk 00:15:23]} {[%emt 00:01:28]} Qxe3+ {[%clk
00:10:39]} {[%emt 00:00:05]} 37. Kf1 {[%clk 00:14:02]} {[%emt 00:01:50]} d4
{[%clk 00:10:46]} {[%emt 00:00:24]} 38. Bh1 {[%clk 00:10:40]} {[%emt 00:03:52]}
Bh3+ {[%clk 00:10:00]} {[%emt 00:01:16]} 39. Bg2 {[%clk 00:10:20]} {[%emt
00:00:50]} Qc1+ {[%clk 00:10:22]} {[%emt 00:00:08]} 40. Kf2 {[%clk 00:10:01]}
{[%emt 00:00:46]} Qd2+ {[%clk 00:10:45]} {[%emt 00:00:09]} 41. Kf1 {[%clk
00:10:11]} {[%emt 00:00:19]} Qxg2+ {[%clk 00:11:05]} {[%emt 00:00:12]} 0-1

[Event "DVM U16 2021"]
[Site "Kiel GER"]
[Date "2022.07.26"]
[Round "7"]
[White "Weihrauch, Jakob"]
[Black "Weidemann, Jakob"]
[Result "1-0"]
[Termination "normal"]
[Board "1.1"]
[WhiteElo "2183"]
[BlackElo "2092"]
[WhiteClock "00:05:49"]
[BlackClock "00:07:51"]
[WhiteTeam "Hamburger SK von 1830 eV"]
[BlackTeam "Schachklub Münster 32 e. V."]
[PlyCount "77"]
[WhiteFideId "16210115"]
[BlackFideId "16255470"]
[EventCountry "GER"]
[EventRounds "7"]
[EventType "team-swiss"]
[EventDate "2022.07.22"]

1. e4 {[%clk 01:30:57]} {[%emt 00:00:03]} c5 {[%clk 01:30:54]} {[%emt
00:00:06]} 2. Nf3 {[%clk 01:31:23]} {[%emt 00:00:05]} d6 {[%clk 01:31:17]}
{[%emt 00:00:07]} 3. d4 {[%clk 01:31:48]} {[%emt 00:00:05]} cxd4 {[%clk
01:31:39]} {[%emt 00:00:08]} 4. Nxd4 {[%clk 01:32:13]} {[%emt 00:00:05]} Nf6
{[%clk 01:32:02]} {[%emt 00:00:07]} 5. Nc3 {[%clk 01:32:39]} {[%emt 00:00:04]}
g6 {[%clk 01:32:22]} {[%emt 00:00:10]} 6. Be3 {[%clk 01:33:00]} {[%emt
00:00:10]} Bg7 {[%clk 01:32:42]} {[%emt 00:00:09]} 7. f3 {[%clk 01:33:25]}
{[%emt 00:00:05]} O-O {[%clk 01:33:02]} {[%emt 00:00:10]} 8. Qd2 {[%clk
01:33:50]} {[%emt 00:00:05]} Nc6 {[%clk 01:33:24]} {[%emt 00:00:08]} 9. O-O-O
{[%clk 01:34:15]} {[%emt 00:00:06]} d5 {[%clk 01:33:45]} {[%emt 00:00:08]} 10.
Nxc6 {[%clk 01:34:28]} {[%emt 00:00:17]} bxc6 {[%clk 01:34:05]} {[%emt
00:00:10]} 11. Bh6 {[%clk 01:34:49]} {[%emt 00:00:09]} Bxh6 {[%clk 01:34:24]}
{[%emt 00:00:11]} 12. Qxh6 {[%clk 01:35:12]} {[%emt 00:00:07]} Rb8 {[%clk
01:32:27]} {[%emt 00:02:26]} 13. e5 {[%clk 01:31:33]} {[%emt 00:04:09]} Nd7
{[%clk 01:17:10]} {[%emt 00:15:46]} 14. Rd4 {[%clk 01:31:15]} {[%emt 00:00:49]}
Re8 {[%clk 01:15:25]} {[%emt 00:02:14]} 15. e6 {[%clk 01:29:24]} {[%emt
00:02:21]} Nf8 {[%clk 01:04:04]} {[%emt 00:11:51]} 16. exf7+ {[%clk 01:19:15]}
{[%emt 00:10:40]} Kxf7 {[%clk 01:04:24]} {[%emt 00:00:10]} 17. Bc4 {[%clk
01:08:59]} {[%emt 00:10:46]} e5 {[%clk 01:01:40]} {[%emt 00:03:14]} 18. Rd2
{[%clk 01:04:05]} {[%emt 00:05:23]} Qf6 {[%clk 00:59:00]} {[%emt 00:03:09]} 19.
Ne4 {[%clk 01:00:22]} {[%emt 00:04:14]} Qe7 {[%clk 00:54:39]} {[%emt 00:04:51]}
20. Bb3 {[%clk 00:46:47]} {[%emt 00:14:05]} Kg8 {[%clk 00:53:24]} {[%emt
00:01:45]} 21. Nf2 {[%clk 00:43:31]} {[%emt 00:03:46]} Ne6 {[%clk 00:48:17]}
{[%emt 00:05:37]} 22. Nd3 {[%clk 00:32:55]} {[%emt 00:11:06]} Nd4 {[%clk
00:46:55]} {[%emt 00:01:52]} 23. Re1 {[%clk 00:23:32]} {[%emt 00:09:54]} Nf5
{[%clk 00:39:37]} {[%emt 00:07:47]} 24. Qh3 {[%clk 00:24:01]} {[%emt 00:00:02]}
Qf6 {[%clk 00:39:41]} {[%emt 00:00:26]} 25. Qg4 {[%clk 00:20:56]} {[%emt
00:03:36]} Qd6 {[%clk 00:30:19]} {[%emt 00:09:51]} 26. Qa4 {[%clk 00:16:54]}
{[%emt 00:04:32]} Nd4 {[%clk 00:13:48]} {[%emt 00:17:00]} 27. Qxa7 {[%clk
00:15:27]} {[%emt 00:01:57]} Rb7 {[%clk 00:13:20]} {[%emt 00:00:59]} 28. Qxd4
{[%clk 00:12:50]} {[%emt 00:03:07]} exd4 {[%clk 00:13:41]} {[%emt 00:00:08]}
29. Rxe8+ {[%clk 00:13:18]} {[%emt 00:00:03]} Kg7 {[%clk 00:13:56]} {[%emt
00:00:14]} 30. Rxc8 {[%clk 00:13:16]} {[%emt 00:00:32]} Ra7 {[%clk 00:10:07]}
{[%emt 00:04:19]} 31. Re2 {[%clk 00:11:23]} {[%emt 00:02:23]} Ra5 {[%clk
00:10:04]} {[%emt 00:00:33]} 32. Re5 {[%clk 00:09:36]} {[%emt 00:02:17]} Kf7
{[%clk 00:09:08]} {[%emt 00:01:25]} 33. Rh8 {[%clk 00:09:15]} {[%emt 00:00:51]}
Kg7 {[%clk 00:09:00]} {[%emt 00:00:38]} 34. Rhe8 {[%clk 00:09:22]} {[%emt
00:00:23]} Kf7 {[%clk 00:09:15]} {[%emt 00:00:15]} 35. Nf4 {[%clk 00:06:57]}
{[%emt 00:02:55]} Ra7 {[%clk 00:09:18]} {[%emt 00:00:27]} 36. g3 {[%clk
00:06:27]} {[%emt 00:01:01]} g5 {[%clk 00:07:53]} {[%emt 00:01:54]} 37. R8e6
{[%clk 00:05:42]} {[%emt 00:01:15]} Qc5 {[%clk 00:07:51]} {[%emt 00:00:32]} 38.
Rf5+ {[%clk 00:05:49]} {[%emt 00:00:22]} Kg7 {[%emt 00:00:42]} 39. Nh5+ 1-0